SEINFELD: George or Kramer? III (Alias Edition) Quiz Stats

Quiz not verified by Sporcle

Challenge
Share
Tweet
Embed
Score 0/14 Timer 02:00
0 Plays Today
Quote George or Kramer? % Correct
Assman???
88.8%
Art Vandelay???
87.3%
Dr. Van Nostrand???
87.2%
H. E. Pennypacker???
87%
Can't Stand Ya???
86.8%
T-Bone???
85.1%
Smog Strangler???
84.2%
Quote George or Kramer? % Correct
Buck Naked???
84%
KoKo (The Monkey)???
77.9%
Donald O'Brien???
76.2%
Andre???
75.1%
Body Suit Man???
72.5%
Cartwright???
72.4%
Gammy???
59.4%

You're not logged in!

Compare scores with friends on all Sporcle quizzes.
Sign Up with Email
OR
Log In

You Might Also Like...

Show Comments

Extras

Top Quizzes Today


Score Distribution

Your Account Isn't Verified!

In order to create a playlist on Sporcle, you need to verify the email address you used during registration. Go to your Sporcle Settings to finish the process.

Report this User

Report this user for behavior that violates our Community Guidelines.

Details: